000 00532nam a2200181Ia 4500
001 7595
005 20260306160507.0
008 260306t2011||||xx |||||||||||||| ||spa||
041 _aESP
082 _a352.1
_bS42 N° 4
100 _aMuñoz Marticorena, William
_eAUT
245 0 _aPerú:
_bfiscalización al trámite de licencia de funcionamiento 2009-2010: instrumento para la mejora del servicio municipal
260 _c2011
300 _a71 páginas :
_c28 cm.
650 _aGEN
654 _aCAN
942 _cLIB
_dJUS
_fJUS
_2ddc
_n
999 _c7595
_d7595